000
00294nam a22001457a 4500
020
_a
81-8264-206-X
082
_a
894.812.3
_b
LIS/M
100
_a
LISI
245
_a
MUMBAI
260
_a
KOZHIKODE
_b
MATHRUBHUMI BOOKS
_c
2006
300
_a
125
520
_a
NOVEL
650
_a
NOVEL
942
_c
BK
999
_c
4878
_d
4878